| 000 | 00443nam a2200169Ia 4500 | ||
|---|---|---|---|
| 003 | GCL | ||
| 008 | 140319s9999 xx 000 0 eng d | ||
| 040 |
_aGCL / _cGCL |
||
| 082 | 0 | 4 |
_a942.042 _bE L |
| 100 | 1 | _aEARLE, PETER | |
| 245 | 1 | 0 |
_aTHE LIFE AND TIMES OF HENRY V / _cEARLE, PETER |
| 260 |
_a[S.N] : _bWEIDENFELD AND NICOLEON |
||
| 300 | _a224 P | ||
| 650 | 0 | 4 | _aENGLISH HISTORY |
| 650 | 0 | 4 | _aHENRY V - KING OF ENGLAND |
| 942 |
_2ddc _cBK |
||
| 999 |
_c25140 _d25140 |
||